LEADER 01120nam a2200289 i 4500 001 991003016649707536 005 20020509110638.0 008 010514s1971 it ||| | ita 035 $ab11095805-39ule_inst 035 $aPARLA173406$9ExL 040 $aDip.to Filosofia$bita 082 0 $a616.89143 100 1 $aMetzger, Wolfgang$0160996 245 12$aI fondamenti della psicologia della Gestalt /$cWolfgang Metzger ; a cura di Gaetano Kanizsa ; traduzione di Lucia Lumbelli 260 $aFirenze :$bGiunti : Barbera,$c1971 300 $aXXVIII, 461 p. :$bill. ;$c24 cm. 440 2$aI fondamenti della psicologia moderna ;$v8 500 $aTit. orig.: Psychologie 650 4$aPsicoterapia$xMetodo della Gestalt 700 1 $aKanizsa, Gaetano 700 1 $aLumbelli, Lucia 907 $a.b11095805$b21-09-06$c28-06-02 912 $a991003016649707536 945 $aLE005IF XXXI C 62$g1$i2005000267635$lle005$o-$pE0.00$q-$rl$s- $t0$u4$v2$w4$x0$y.i11228696$z28-06-02 996 $aFondamenti della psicologia della gestalt$9476874 997 $aUNISALENTO 998 $ale005$b01-01-01$cm$da $e-$fita$git $h2$i1 LEADER 03910nam 22007095 450 001 9910863155103321 005 20251113181517.0 010 $a3-030-57721-X 024 7 $a10.1007/978-3-030-57721-6 035 $a(CKB)4100000011528481 035 $a(MiAaPQ)EBC6381212 035 $a(DE-He213)978-3-030-57721-6 035 $a(MiAaPQ)EBC29095491 035 $a(iGPub)SPNA0071025 035 $a(EXLCZ)994100000011528481 100 $a20201027d2021 u| 0 101 0 $aeng 135 $aurnn#008mamaa 181 $ctxt$2rdacontent 182 $cc$2rdamedia 183 $acr$2rdacarrier 200 10$aQM/MM Studies of Light-responsive Biological Systems /$fedited by Tadeusz Andruniów, Massimo Olivucci 205 $a1st ed. 2021. 210 1$aCham :$cSpringer International Publishing :$cImprint: Springer,$d2021. 215 $a1 online resource (XVI, 336 p. 97 illus., 89 illus. in color.) 225 1 $aChallenges and Advances in Computational Chemistry and Physics,$x2542-4483 ;$v31 300 $aIncludes index. 311 08$a3-030-57720-1 320 $aIncludes bibliographical references and index. 327 $aOn the Automatic Construction of QM/MM Models for Biological Photoreceptors: Rhodopsins as Model Systems -- Photo-Active Biological Molecular Materials: From Photoinduced Dynamics to Transient Electronic Spectroscopies -- Polarizable Embedding as a Tool to Address Light-Responsive Biological Systems -- Computational Studies of Photochemistry in Phytochrome Proteins -- QM/MM Study of Bioluminescent Systems -- QM/MM Approaches Shed Light on GFP Puzzles -- DNA Photodamage and Repair: Computational Photobiology in Action. 330 $aThis book, a consecutive contribution to the series Challenges and Advances in Computational Chemistry and Physics, focuses on understanding the photoinduced processes in biological systems. Understanding and fine control of light fate in molecules is vital for the progress of society and environmental safety. Light induced changes of various physico-chemical and spectroscopic properties in nucleic acids and proteins is the basis of fundamental biological events such as vision, DNA photodamage or photosensing. The investigation of these processes is challenging to both theoretical and experimental studies. This volume encompasses the quantum mechanics/molecular mechanics theory in several subfields, including: advanced computational methods for nucleic acids and proteins systems; dynamics, spectroscopic and physico-chemical properties of biological photoreceptors; DNA photodamage. This book is of interest to readers in both fundamental and application-oriented research by overviewing recent achievements in computational modeling of excited states in nucleic acids and proteins. 410 0$aChallenges and Advances in Computational Chemistry and Physics,$x2542-4483 ;$v31 606 $aChemistry, Physical and theoretical 606 $aChemistry, Physical and theoretical 606 $aBioinformatics 606 $aSpectrum analysis 606 $aProteins 606 $aTheoretical Chemistry 606 $aPhysical Chemistry 606 $aComputational and Systems Biology 606 $aSpectroscopy 606 $aProtein Biochemistry 615 0$aChemistry, Physical and theoretical. 615 0$aChemistry, Physical and theoretical. 615 0$aBioinformatics. 615 0$aSpectrum analysis. 615 0$aProteins. 615 14$aTheoretical Chemistry. 615 24$aPhysical Chemistry. 615 24$aComputational and Systems Biology. 615 24$aSpectroscopy. 615 24$aProtein Biochemistry. 676 $a571.455 702 $aAndruniow$b Tadeusz 702 $aOlivucci$b M$g(Massimo), 801 0$bMiAaPQ 801 1$bMiAaPQ 801 2$bMiAaPQ 906 $aBOOK 912 $a9910863155103321 996 $aQM$92837838 997 $aUNINA